[Event "7th Eksjo it"]
[Site "Eksjo SWE"]
[Date "1979.08.24"]
[Round "1"]
[White "Akvist, Hakan"]
[Black "Danner, Georg"]
[Result "0-1"]
[WhiteElo "2325"]
[BlackElo "2335"]
[EventDate "1979.08.24"]
[PlyCount "114"]

1. e4 c5 2. Nf3 d6 3. Bb5+ Bd7 4. Bxd7+ Qxd7 5. c4 Nc6 6. Nc3 g6 7. d4 cxd4 8. Nxd4 Bg7 9. Be3 Nf6 10. h3 O-O 11. Rc1 Rfc8 12. b3 Qd8 13. O-O a6 14. Qd3 Nd7 15. Rfd1 Rab8 16. Nxc6 Rxc6 17. Nd5 Nf6 18. Nb4 Rcc8 19. Ba7 Ra8 20. Bd4 Rab8 21. Qe3 Nd7 22. Bxg7 Kxg7 23. Nd5 Rc6 24. Qc3+ Kg8 25. Qg3 Rbc8 26. Qh4 Nf6 27. Nxf6+ exf6 28. Qf4 Qe7 29. a4 Qe5 30. Qe3 Re8 31. Rd4 f5 32. Re1 Qc5 33. Qd2 Rb6 34. Qd3 Rxb3 35. Qxb3 Qxd4 36. Qxb7 Qxc4 37. Qd7 Rxe4 38. Rb1 Qe6 39. Rb8+ Kg7 40. Qd8 Re1+ 41. Kh2 Qe5+ 42. g3 f4 43. Qf8+ Kf6 44. Qd8+ Kf5 45. Rb3 Rh1+ 46. Kxh1 Qd5+ 47. f3 Qxb3 48. g4+ Ke6 49. Qe8+ Kf6 50. Qe4 Qd1+ 51. Kg2 Qd2+ 52. Kf1 Qc1+ 53. Kg2 Qb2+ 54. Kf1 Qe5 55. Qc6 a5 56. h4 h6 57. Kg2 Kg7 0-1

[Event "7th Eksjo it"]
[Site "Eksjo SWE"]
[Date "1979.08.24"]
[Round "1"]
[White "Andersson, Goran"]
[Black "Jasnikowski, Zbigniew"]
[Result "1/2-1/2"]
[WhiteElo "2255"]
[BlackElo "2310"]
[EventDate "1979.08.24"]
[PlyCount "54"]

1. e4 e5 2. Nf3 d6 3. d4 exd4 4. Nxd4 g6 5. Nc3 Bg7 6. Be3 Nf6 7. f3 O-O 8. Qd2 d5 9. Bh6 Bxh6 10. Qxh6 c5 11. Nb3 dxe4 12. Nxe4 Nxe4 13. fxe4 Nc6 14. Bc4 Be6 15. Bxe6 fxe6 16. Rd1 Nd4 17. Nxd4 cxd4 18. Rf1 Qb6 19. Qh3 Rxf1+ 20. Kxf1 Rf8+ 21. Ke2 Qb5+ 22. Rd3 Qe5 23. Qh4 Qc5 24. Kd2 Rc8 25. c3 Qb5 26. Kc2 dxc3 27. Rd8+ Rxd8 1/2-1/2

[Event "7th Eksjo it"]
[Site "Eksjo SWE"]
[Date "1979.08.24"]
[Round "1"]
[White "Ornstein, Axel"]
[Black "Nun, Josef"]
[Result "1/2-1/2"]
[WhiteElo "2445"]
[BlackElo "2400"]
[WhiteTitle "IM"]
[BlackTitle "IM"]
[EventDate "1979.08.24"]
[PlyCount "30"]

1. d4 Nf6 2. c4 c5 3. d5 b5 4. Nd2 Qa5 5. Qc2 d6 6. e4 bxc4 7. Bxc4 Ba6 8. b3 Bxc4 9. bxc4 Nbd7 10. Bb2 Rb8 11. Bc3 Qa6 12. Ne2 g6 13. O-O Bg7 14. Nc1 O-O 15. Ncb3 e6 1/2-1/2

[Event "7th Eksjo it"]
[Site "Eksjo SWE"]
[Date "1979.08.24"]
[Round "1"]
[White "Trincardi, Tullio"]
[Black "Schneider, Lars-Ake"]
[Result "0-1"]
[WhiteElo "2235"]
[BlackElo "2420"]
[BlackTitle "IM"]
[EventDate "1979.08.24"]
[PlyCount "80"]

1. d4 Nf6 2. c4 e6 3. Nc3 Bb4 4. e3 b6 5. Bd3 Bb7 6. Nf3 c5 7. O-O O-O 8. Na4 cxd4 9. exd4 Be7 10. Re1 Re8 11. Rb1 Bxf3 12. Qxf3 Nc6 13. Rd1 d5 14. Be3 dxc4 15. Bxc4 Nb4 16. Bf4 Rc8 17. Bb5 Rf8 18. Nc3 Nfd5 19. Be5 a6 20. Be2 b5 21. Nxd5 Qxd5 22. Qg4 f6 23. Bf3 Qd7 24. Bf4 Nd5 25. Bh6 Rf7 26. Rbc1 Rxc1 27. Bxc1 f5 28. Qh3 Bf6 29. g3 Rf8 30. Qf1 Rc8 31. Qd3 Rc4 32. Be3 Nb4 33. Qb3 a5 34. a4 Nd5 35. axb5 Rb4 36. Qa3 Qxb5 37. Rc1 Be7 38. Rc8+ Kf7 39. Ra8 Rxb2 40. Bh5+ g6 0-1

[Event "7th Eksjo it"]
[Site "Eksjo SWE"]
[Date "1979.08.24"]
[Round "1"]
[White "Wedberg, Tom"]
[Black "Karlsson, Lars"]
[Result "0-1"]
[WhiteElo "2425"]
[BlackElo "2375"]
[WhiteTitle "IM"]
[EventDate "1979.08.24"]
[PlyCount "113"]

1. d4 e6 2. e4 d5 3. Nc3 Bb4 4. e5 Qd7 5. Nf3 b6 6. Bd2 Ba6 7. Bxa6 Nxa6 8. Ne2 Bf8 9. O-O c5 10. c3 Ne7 11. Ng3 h5 12. Bg5 Nc7 13. h3 Nc6 14. Rc1 c4 15. Nd2 g6 16. Qf3 Be7 17. Bf6 Bxf6 18. Qxf6 Rg8 19. b3 b5 20. bxc4 bxc4 21. Rb1 Qe7 22. Qf3 h4 23. Ne2 Kd7 24. Rb7 Rab8 25. Rfb1 Rxb7 26. Rxb7 Kc8 27. Rb1 Nd8 28. Qe3 Qa3 29. Nc1 a6 30. Nf3 Nb5 31. Ne1 Nc6 32. Ne2 Qxa2 33. Rc1 Qa3 34. Qf4 Qe7 35. Ra1 Kb7 36. Qd2 Rb8 37. Qa2 a5 38. Nc2 Nba7 39. Rb1+ Ka8 40. Rxb8+ Kxb8 41. Kf1 Kb7 42. Ke1 Ka6 43. Kd2 Qg5+ 44. Ne3 Nb5 45. Qa4 Kb6 46. Qa1 Qh5 47. Ng1 g5 48. Qa4 Qg6 49. Qc2 Ncxd4 50. cxd4 Nxd4 51. Qb2+ Nb5 52. Ke1 c3 53. Qb3 Qd3 54. Nf3 Kc5 55. Nc2 Qe4+ 56. Kd1 Qd3+ 57. Ke1 0-1

[Event "7th Eksjo it"]
[Site "Eksjo SWE"]
[Date "1979.08.25"]
[Round "2"]
[White "Jasnikowski, Zbigniew"]
[Black "Wedberg, Tom"]
[Result "0-1"]
[WhiteElo "2310"]
[BlackElo "2425"]
[BlackTitle "IM"]
[EventDate "1979.08.24"]
[PlyCount "70"]

1. c4 c5 2. Nc3 Nc6 3. g3 g6 4. Bg2 Bg7 5. a3 a5 6. Nf3 e5 7. O-O Nge7 8. d3 d6 9. Ne1 Be6 10. Nd5 O-O 11. Nc2 Rb8 12. a4 Nb4 13. e4 Nexd5 14. cxd5 Nxc2 15. Qxc2 Bc8 16. Bd2 b6 17. Bc3 Ba6 18. f4 exf4 19. gxf4 Qc7 20. Rae1 Rbe8 21. Rf3 f5 22. Bxg7 Qxg7 23. Qc3 Qxc3 24. bxc3 c4 25. Kf2 cxd3 26. e5 dxe5 27. fxe5 Rxe5 28. Rxe5 d2 29. Re1 dxe1=Q+ 30. Kxe1 Re8+ 31. Kf2 Kf7 32. c4 Bxc4 33. Rc3 Rc8 34. Ke3 Kf6 35. Rc2 Ke5 {time} 0-1

[Event "7th Eksjo it"]
[Site "Eksjo SWE"]
[Date "1979.08.25"]
[Round "2"]
[White "Karlsson, Lars"]
[Black "Ornstein, Axel"]
[Result "1/2-1/2"]
[WhiteElo "2375"]
[BlackElo "2445"]
[BlackTitle "IM"]
[EventDate "1979.08.24"]
[PlyCount "73"]

1. Nf3 d5 2. g3 c5 3. Bg2 Nc6 4. d4 e6 5. O-O Nf6 6. Nc3 Bd7 7. Bg5 cxd4 8. Nxd4 Be7 9. Nb3 O-O 10. Qd2 h6 11. Bxf6 Bxf6 12. e4 dxe4 13. Nxe4 Bxb2 14. Rab1 Ba3 15. Nbc5 Be8 16. Qe3 Bxc5 17. Nxc5 Rc8 18. Nxb7 Qd4 19. c4 Qxe3 20. fxe3 Ne5 21. Nd6 Rc5 22. Rb7 a5 23. Ra7 Ba4 24. Nb7 Rxc4 25. Rxa5 Nc6 26. Rc5 Rb4 27. Rxc6 Bxc6 28. Bxc6 Rc8 29. Na5 Rb6 30. a4 Rcxc6 31. Nxc6 Rxc6 32. Ra1 Ra6 33. Kf2 Kf8 34. Ke2 Ke7 35. Kd3 Kd6 36. Kd4 Ra5 37. Ra2 1/2-1/2

[Event "7th Eksjo it"]
[Site "Eksjo SWE"]
[Date "1979.08.25"]
[Round "2"]
[White "Nun, Josef"]
[Black "Akvist, Hakan"]
[Result "1/2-1/2"]
[WhiteElo "2400"]
[BlackElo "2325"]
[WhiteTitle "IM"]
[EventDate "1979.08.24"]
[PlyCount "21"]

1. d4 Nf6 2. Nf3 g6 3. b3 Bg7 4. Bb2 O-O 5. g3 c5 6. Bg2 cxd4 7. O-O Nc6 8. Nxd4 Qc7 9. c4 d6 10. Nc3 Bd7 11. Rc1 1/2-1/2

[Event "7th Eksjo it"]
[Site "Eksjo SWE"]
[Date "1979.08.25"]
[Round "2"]
[White "Trincardi, Tullio"]
[Black "Andersson, Goran"]
[Result "0-1"]
[WhiteElo "2235"]
[BlackElo "2255"]
[EventDate "1979.08.24"]
[PlyCount "66"]

1. d4 Nf6 2. c4 g6 3. Nf3 Bg7 4. g3 O-O 5. Bg2 d6 6. O-O Nc6 7. d5 Na5 8. Nbd2 c5 9. Qc2 a6 10. Rb1 b5 11. b3 Rb8 12. Bb2 bxc4 13. bxc4 Bf5 14. e4 Rxb2 15. Rxb2 Nxe4 16. Nh4 Nxd2 17. Nxf5 gxf5 18. Rd1 Ndxc4 19. Rbb1 Na3 20. Qxf5 Nxb1 21. Be4 Re8 22. Qxh7+ Kf8 23. Bxb1 e6 24. Be4 Qf6 25. Qh5 Nc4 26. dxe6 fxe6 27. Qe2 d5 28. Bc2 Rb8 29. Rd3 Ne5 30. Ra3 Rb2 31. Kg2 d4 32. Rxa6 d3 33. Qh5 Kg8 0-1

[Event "7th Eksjo it"]
[Site "Eksjo SWE"]
[Date "1979.08.26"]
[Round "3"]
[White "Akvist, Hakan"]
[Black "Karlsson, Lars"]
[Result "1/2-1/2"]
[WhiteElo "2325"]
[BlackElo "2375"]
[EventDate "1979.08.24"]
[PlyCount "84"]

1. e4 e6 2. d4 b6 3. Bd3 Bb7 4. Nf3 d6 5. b3 g6 6. Bb2 Bg7 7. Nbd2 Nd7 8. Qe2 Ne7 9. O-O O-O 10. Rad1 Re8 11. Rfe1 a5 12. Nf1 Qc8 13. Ng3 a4 14. h4 e5 15. dxe5 Nc6 16. Bc4 Ndxe5 17. Nxe5 Nxe5 18. Bxe5 Bxe5 19. Qf3 Re7 20. h5 Ba6 21. hxg6 hxg6 22. Bxa6 Rxa6 23. Nf1 axb3 24. axb3 Re6 25. Ne3 Ra2 26. Qg4 Re8 27. Qxc8 Rxc8 28. Nd5 Kf8 29. Re2 b5 30. g3 c6 31. Nb4 Ra7 32. Rd3 c5 33. Nd5 Ra1+ 34. Kg2 c4 35. bxc4 bxc4 36. Rde3 Rb8 37. Re1 Ra2 38. R3e2 Rbb2 39. Ne3 c3 40. Rd1 Ra4 41. Kf3 Rbb4 42. Nd5 Rd4 1/2-1/2

[Event "7th Eksjo it"]
[Site "Eksjo SWE"]
[Date "1979.08.26"]
[Round "3"]
[White "Andersson, Goran"]
[Black "Schneider, Lars-Ake"]
[Result "0-1"]
[WhiteElo "2255"]
[BlackElo "2420"]
[BlackTitle "IM"]
[EventDate "1979.08.24"]
[PlyCount "83"]

1. e4 c5 2. Nf3 Nc6 3. d4 cxd4 4. Nxd4 Nf6 5. Nc3 d6 6. Bg5 e6 7. Qd2 a6 8. O-O-O Bd7 9. f4 b5 10. Bxf6 gxf6 11. f5 Nxd4 12. Qxd4 Bh6+ 13. Kb1 Bf4 14. Ne2 Be5 15. Qd2 Qb6 16. g3 O-O-O 17. fxe6 fxe6 18. Nf4 Kb8 19. Bh3 Rhe8 20. Rhf1 Bc8 21. Rf3 d5 22. exd5 Bxf4 23. Qxf4+ e5 24. Qh6 Bxh3 25. Qxh3 e4 26. Rff1 e3 27. Rfe1 e2 28. Rc1 Rxd5 29. Qg2 Rd2 30. Qf3 Re5 31. a3 Qe6 32. Qf4 Qd6 33. Qf3 Qe6 34. Qf4 Qd6 35. Qf3 f5 36. g4 Qd5 37. Qg3 fxg4 38. Qxg4 Qe4 39. Qg1 Kb7 40. Qg7+ Re7 41. Qg5 Red7 42. Qg3 0-1

[Event "7th Eksjo it"]
[Site "Eksjo SWE"]
[Date "1979.08.26"]
[Round "3"]
[White "Danner, Georg"]
[Black "Nun, Josef"]
[Result "0-1"]
[WhiteElo "2335"]
[BlackElo "2400"]
[BlackTitle "IM"]
[EventDate "1979.08.24"]
[PlyCount "74"]

1. d4 e6 2. c4 b6 3. e4 Bb7 4. Bd3 Nf6 5. Nc3 Bb4 6. Qe2 d6 7. Nf3 Nbd7 8. Bd2 c5 9. d5 Bxc3 10. Bxc3 O-O 11. dxe6 fxe6 12. Ng5 Qe7 13. f4 e5 14. f5 d5 15. cxd5 Nxd5 16. Ne6 Nxc3 17. bxc3 Rfc8 18. O-O Kh8 19. Rf3 Nf6 20. g4 c4 21. Bc2 Rc6 22. g5 Nh5 23. Rh3 g6 24. Rf1 Rxe6 25. fxe6 Qxg5+ 26. Kh1 Nf4 27. Qf3 Qe7 28. Rg3 Qxe6 29. Qe3 Rd8 30. Rd1 Rf8 31. Rgg1 Qe7 32. Rgf1 g5 33. Ba4 Qe6 34. Bd7 Qg6 35. Kg1 Qxe4 36. Qxe4 Bxe4 37. Rfe1 Bf3 0-1

[Event "7th Eksjo it"]
[Site "Eksjo SWE"]
[Date "1979.08.26"]
[Round "3"]
[White "Ornstein, Axel"]
[Black "Jasnikowski, Zbigniew"]
[Result "1-0"]
[WhiteElo "2445"]
[BlackElo "2310"]
[WhiteTitle "IM"]
[EventDate "1979.08.24"]
[PlyCount "71"]

1. d4 Nf6 2. c4 g6 3. g3 Bg7 4. Bg2 O-O 5. Nc3 d6 6. Nf3 Nc6 7. O-O a6 8. d5 Na5 9. Nd2 c5 10. Qc2 Rb8 11. b3 e5 12. Bb2 Ng4 13. e4 f5 14. exf5 gxf5 15. Rae1 b5 16. Nd1 f4 17. h3 Nh6 18. g4 Nf7 19. Ne4 h5 20. f3 bxc4 21. bxc4 Rb4 22. Nd2 Qh4 23. Bc3 Ng5 24. Bxb4 cxb4 25. Ne4 Nxh3+ 26. Bxh3 Qxh3 27. Re2 Qh4 28. Rh2 Qe7 29. Rxh5 Qa7+ 30. Kg2 Qd4 31. Nxd6 e4 32. Qxe4 Qxe4 33. fxe4 f3+ 34. Kh3 Bd7 35. Ne3 Rf4 36. Kg3 1-0

[Event "7th Eksjo it"]
[Site "Eksjo SWE"]
[Date "1979.08.26"]
[Round "3"]
[White "Wedberg, Tom"]
[Black "Trincardi, Tullio"]
[Result "1-0"]
[WhiteElo "2425"]
[BlackElo "2235"]
[WhiteTitle "IM"]
[EventDate "1979.08.24"]
[PlyCount "77"]

1. e4 c5 2. Nf3 Nc6 3. d4 cxd4 4. Nxd4 Nf6 5. Nc3 d6 6. Bc4 e6 7. Be3 Be7 8. Qe2 O-O 9. O-O-O a6 10. Bb3 Qc7 11. g4 Nxd4 12. Rxd4 b5 13. f4 Nd7 14. g5 Nc5 15. f5 exf5 16. Bd5 Rb8 17. exf5 Bxf5 18. Rf1 Qd7 19. Qf3 g6 20. Bc6 Qd8 21. h4 Rc8 22. Qg2 b4 23. Nd5 Rxc6 24. Rxf5 b3 25. axb3 Nxb3+ 26. Kb1 Nxd4 27. Bxd4 Rc4 28. Rf4 Rxd4 29. Rxd4 f5 30. Qe2 Rf7 31. Qxa6 Qd7 32. Rc4 Qe6 33. Qc6 Kg7 34. Ra4 Qe1+ 35. Ka2 Qe6 36. b3 h6 37. Nf4 Qe5 38. Qc4 hxg5 39. Ne6+ 1-0

[Event "7th Eksjo it"]
[Site "Eksjo SWE"]
[Date "1979.08.27"]
[Round "4"]
[White "Andersson, Goran"]
[Black "Wedberg, Tom"]
[Result "0-1"]
[WhiteElo "2255"]
[BlackElo "2425"]
[BlackTitle "IM"]
[EventDate "1979.08.24"]
[PlyCount "50"]

1. e4 e5 2. Nf3 Nc6 3. Bb5 Bc5 4. c3 Nf6 5. O-O O-O 6. d4 Bb6 7. Bg5 h6 8. Bh4 d6 9. a4 a5 10. Re1 exd4 11. Bxc6 bxc6 12. Nxd4 Re8 13. Nd2 c5 14. Nc2 Bb7 15. Qf3 g5 16. Bg3 Qe7 17. Ne3 Nxe4 18. Nf5 Qe6 19. Nxh6+ Kg7 20. Nf5+ Kg6 21. Ne3 f5 22. Rad1 f4 23. Nef1 Qf5 24. h3 Nxd2 25. Qxb7 Nxf1 0-1

[Event "7th Eksjo it"]
[Site "Eksjo SWE"]
[Date "1979.08.27"]
[Round "4"]
[White "Jasnikowski, Zbigniew"]
[Black "Akvist, Hakan"]
[Result "1-0"]
[WhiteElo "2310"]
[BlackElo "2325"]
[EventDate "1979.08.24"]
[PlyCount "61"]

1. e4 g6 2. d4 Bg7 3. Nc3 c6 4. f4 d5 5. e5 h5 6. Nf3 Nh6 7. Be3 Bg4 8. Bd3 e6 9. O-O Nd7 10. h3 Nf5 11. Bf2 Bxf3 12. Qxf3 h4 13. Ne2 Bf8 14. b3 Be7 15. c4 Kf8 16. c5 b6 17. b4 a5 18. b5 bxc5 19. bxc6 Nb8 20. dxc5 Nxc6 21. Rab1 Kg7 22. Rb6 Qc7 23. a3 Rhb8 24. Rfb1 Qc8 25. Kh2 Bd8 26. Bxf5 Bxb6 27. cxb6 gxf5 28. Bxh4 Qg8 29. Bf6+ Kf8 30. Qc3 Ne7 31. b7 1-0

[Event "7th Eksjo it"]
[Site "Eksjo SWE"]
[Date "1979.08.27"]
[Round "4"]
[White "Schneider, Lars-Ake"]
[Black "Nun, Josef"]
[Result "1/2-1/2"]
[WhiteElo "2420"]
[BlackElo "2400"]
[WhiteTitle "IM"]
[BlackTitle "IM"]
[EventDate "1979.08.24"]
[PlyCount "28"]

1. e4 c5 2. Nf3 Nc6 3. Bb5 Nf6 4. Nc3 Nd4 5. Bc4 d6 6. O-O Bg4 7. Be2 Bxf3 8. Bxf3 e5 9. d3 Be7 10. g3 Qd7 11. Bg5 Nb5 12. Be2 h6 13. Bxf6 Bxf6 14. Kg2 O-O 1/2-1/2

[Event "7th Eksjo it"]
[Site "Eksjo SWE"]
[Date "1979.08.28"]
[Round "5"]
[White "Akvist, Hakan"]
[Black "Trincardi, Tullio"]
[Result "0-1"]
[WhiteElo "2325"]
[BlackElo "2235"]
[EventDate "1979.08.24"]
[PlyCount "76"]

1. e4 c5 2. Nc3 Nc6 3. f4 g6 4. Nf3 Bg7 5. Bb5 Nd4 6. Bc4 e6 7. O-O Ne7 8. e5 d6 9. Ne4 dxe5 10. fxe5 Nef5 11. g4 Nxf3+ 12. Qxf3 Qd4+ 13. Kh1 Qxc4 14. gxf5 Bxe5 15. d3 Qd5 16. fxg6 f5 17. g7 Bxg7 18. Qh5+ Kf8 19. Bh6 Bxh6 20. Qxh6+ Ke8 21. c4 Qd4 22. Ng5 Bd7 23. Nf3 Qd6 24. Rae1 Kd8 25. Ng5 Bc6+ 26. Kg1 Qd4+ 27. Rf2 Rg8 28. Kf1 Qxd3+ 29. Rfe2 Kc7 30. b4 Rae8 31. b5 Bf3 32. Qxh7+ Kb8 33. Nxf3 Qxf3+ 34. Rf2 Qh1+ 35. Ke2 Qe4+ 36. Kf1 Qxc4+ 37. Rfe2 Rg4 38. Rd1 Reg8 0-1

[Event "7th Eksjo it"]
[Site "Eksjo SWE"]
[Date "1979.08.28"]
[Round "5"]
[White "Danner, Georg"]
[Black "Jasnikowski, Zbigniew"]
[Result "0-1"]
[WhiteElo "2335"]
[BlackElo "2310"]
[EventDate "1979.08.24"]
[PlyCount "76"]

1. d4 Nf6 2. c4 g6 3. Nc3 Bg7 4. e4 d6 5. Be2 O-O 6. Bg5 c5 7. d5 h6 8. Be3 e6 9. h4 exd5 10. exd5 b5 11. Nxb5 Ne4 12. Bd3 Re8 13. Ne2 Bxb2 14. Rb1 Bg7 15. O-O a6 16. Qa4 Nd7 17. Bxe4 Nb6 18. Qc2 axb5 19. Rxb5 Ba6 20. Rb3 Nxc4 21. Bc1 Ne5 22. f4 c4 23. Rb1 Nd3 24. Bf3 Nxc1 25. Rfxc1 Qa5 26. f5 g5 27. f6 Bxf6 28. Qf5 Bg7 29. Be4 Qc5+ 30. Kh2 Qe3 31. Ng3 Be5 32. Bf3 Qf2 33. Qg4 f5 34. Qxf5 Qxg3+ 35. Kg1 Bd4+ 36. Kh1 Be5 37. Qg6+ Kf8 38. Kg1 Qh2+ 0-1

[Event "7th Eksjo it"]
[Site "Eksjo SWE"]
[Date "1979.08.28"]
[Round "5"]
[White "Nun, Josef"]
[Black "Karlsson, Lars"]
[Result "1/2-1/2"]
[WhiteElo "2400"]
[BlackElo "2375"]
[WhiteTitle "IM"]
[EventDate "1979.08.24"]
[PlyCount "79"]

1. e4 c5 2. c3 d5 3. exd5 Qxd5 4. d4 Nc6 5. Nf3 Bg4 6. Be2 O-O-O 7. Be3 cxd4 8. cxd4 e5 9. Nc3 Bb4 10. O-O Bxc3 11. bxc3 e4 12. Nd2 Bxe2 13. Qxe2 f5 14. Rfb1 Qf7 15. Rb5 Rd7 16. Qc4 Qxc4 17. Nxc4 Nge7 18. Bf4 Rhd8 19. Ne5 Rd5 20. Rab1 Nxe5 21. Bxe5 Rxb5 22. Rxb5 Rd5 23. Rb2 g6 24. f3 exf3 25. gxf3 Nc6 26. Bf4 b5 27. Kf2 a5 28. h4 b4 29. Bd2 bxc3 30. Bxc3 f4 31. Kg2 Rh5 32. Kh3 Ne7 33. Kg4 Nd5 34. Bd2 Rf5 35. Kh3 a4 36. Rb5 Ne3 37. Rb4 Ra5 38. Rb6 Rd5 39. Rb4 Ra5 40. Rb6 1/2-1/2

[Event "7th Eksjo it"]
[Site "Eksjo SWE"]
[Date "1979.08.28"]
[Round "5"]
[White "Ornstein, Axel"]
[Black "Andersson, Goran"]
[Result "1-0"]
[WhiteElo "2445"]
[BlackElo "2255"]
[WhiteTitle "IM"]
[EventDate "1979.08.24"]
[PlyCount "115"]

1. Nf3 c5 2. c4 Nf6 3. Nc3 Nc6 4. e3 e6 5. d4 d5 6. cxd5 exd5 7. Be2 Be7 8. O-O O-O 9. b3 Ne4 10. Bb2 Bf6 11. Na4 Bg4 12. Rc1 cxd4 13. Nxd4 Bxe2 14. Nxe2 Bxb2 15. Nxb2 Qa5 16. Na4 Rad8 17. Nd4 Nxd4 18. Qxd4 b5 19. Nc5 Qxa2 20. b4 Qd2 21. Qxd2 Nxd2 22. Rfd1 Ne4 23. Nb3 Rc8 24. Rxd5 Nc3 25. Rd2 Rc4 26. Kf1 Rfc8 27. Rd4 Na2 28. Rcd1 Kf8 29. Rd8+ Rxd8 30. Rxd8+ Ke7 31. Ra8 Rxb4 32. Rxa7+ Ke8 33. Nd4 Nc3 34. g4 Rb1+ 35. Kg2 b4 36. Rb7 Na4 37. Nc6 b3 38. Re7+ Kf8 39. Ra7 g6 40. Rxa4 b2 41. Rb4 Rc1 42. Rxb2 Rxc6 43. Rb5 h6 44. h4 Kg7 45. f4 Rc4 46. Kf3 Ra4 47. h5 gxh5 48. gxh5 Rc4 49. e4 Rc1 50. e5 Rh1 51. Rb7 Kg8 52. Kg4 Rh2 53. f5 Rg2+ 54. Kf4 Rf2+ 55. Ke4 Rh2 56. f6 Rh4+ 57. Kd5 Rxh5 58. Kd6 1-0

[Event "7th Eksjo it"]
[Site "Eksjo SWE"]
[Date "1979.08.28"]
[Round "5"]
[White "Wedberg, Tom"]
[Black "Schneider, Lars-Ake"]
[Result "0-1"]
[WhiteElo "2425"]
[BlackElo "2420"]
[WhiteTitle "IM"]
[BlackTitle "IM"]
[EventDate "1979.08.24"]
[PlyCount "80"]

1. d4 Nf6 2. c4 e6 3. Nc3 Bb4 4. Bg5 c5 5. d5 h6 6. Bh4 b5 7. dxe6 fxe6 8. cxb5 O-O 9. e3 d5 10. a3 Bxc3+ 11. bxc3 Qa5 12. Bxf6 Rxf6 13. Qd2 Nd7 14. Nf3 c4 15. Qb2 Rb8 16. a4 Nc5 17. Nd2 Bd7 18. Qa3 Rc8 19. Be2 Nd3+ 20. Bxd3 cxd3 21. O-O Rxc3 22. Qd6 Be8 23. e4 Rc2 24. e5 Rf4 25. Nf3 Bf7 26. Ne1 Rc3 27. Rd1 Rd4 28. f4 Qxa4 29. Nf3 Rxf4 30. b6 axb6 31. Qxb6 Rb4 32. Qd8+ Qe8 33. Qa5 Qa4 34. Qd8+ Qe8 35. Qa5 Qb8 36. Kh1 Bh5 37. Qa6 Qb6 38. Qa8+ Qb8 39. Qa6 Rb6 40. Qa4 Bxf3 0-1

[Event "7th Eksjo it"]
[Site "Eksjo SWE"]
[Date "1979.08.29"]
[Round "6"]
[White "Andersson, Goran"]
[Black "Akvist, Hakan"]
[Result "1-0"]
[WhiteElo "2255"]
[BlackElo "2325"]
[EventDate "1979.08.24"]
[PlyCount "47"]

1. e4 e6 2. d4 d5 3. Nc3 Nf6 4. Bg5 dxe4 5. Nxe4 Be7 6. Bxf6 gxf6 7. Bc4 f5 8. Nc3 c6 9. Nf3 Nd7 10. Qe2 Qc7 11. O-O-O b6 12. Rhe1 Bb7 13. Bxe6 fxe6 14. Qxe6 Nf8 15. Qf6 Ng6 16. Rxe7+ Qxe7 17. Re1 Qxe1+ 18. Nxe1 Rf8 19. Qe6+ Kd8 20. d5 cxd5 21. Nb5 Rc8 22. Qd6+ Ke8 23. Nf3 Ba8 24. Ng5 1-0

[Event "7th Eksjo it"]
[Site "Eksjo SWE"]
[Date "1979.08.29"]
[Round "6"]
[White "Jasnikowski, Zbigniew"]
[Black "Nun, Josef"]
[Result "1/2-1/2"]
[WhiteElo "2310"]
[BlackElo "2400"]
[BlackTitle "IM"]
[EventDate "1979.08.24"]
[PlyCount "93"]

1. e4 g6 2. d4 c6 3. f4 d5 4. e5 h5 5. Nf3 Bg4 6. Nbd2 e6 7. h3 Bf5 8. g3 c5 9. Bg2 Nc6 10. c3 Nh6 11. Nb3 c4 12. Nbd2 Bd3 13. Kf2 Nf5 14. Ne1 h4 15. g4 Ng3 16. Nxd3 Nxh1+ 17. Bxh1 cxd3 18. Nf3 Qb6 19. Qxd3 a5 20. a4 Be7 21. Bg2 Kd7 22. Bf1 Raf8 23. Kg2 Rfg8 24. Qb5 Bd8 25. Qxb6 Bxb6 26. Be3 Rb8 27. Bd3 Bd8 28. Bf2 Na7 29. g5 b5 30. axb5 Nxb5 31. Nxh4 Na7 32. Ra2 Nc6 33. Bc2 Bb6 34. Nf3 Rb7 35. Ba4 Rhb8 36. b3 Kc7 37. h4 Ne7 38. Kh3 Nf5 39. Kg4 Kd8 40. Rc2 Rc7 41. c4 dxc4 42. bxc4 Ba7 43. c5 Rcb7 44. h5 gxh5+ 45. Kxh5 Rb4 46. Ra2 Bxc5 47. Be1 1/2-1/2

[Event "7th Eksjo it"]
[Site "Eksjo SWE"]
[Date "1979.08.29"]
[Round "6"]
[White "Schneider, Lars-Ake"]
[Black "Karlsson, Lars"]
[Result "1/2-1/2"]
[WhiteElo "2420"]
[BlackElo "2375"]
[WhiteTitle "IM"]
[EventDate "1979.08.24"]
[PlyCount "113"]

1. e4 c5 2. Nf3 g6 3. d4 cxd4 4. Nxd4 Bg7 5. Nc3 Nc6 6. Be3 Nf6 7. Bc4 O-O 8. Bb3 Ng4 9. Qxg4 Nxd4 10. Qd1 Ne6 11. Qd2 d6 12. O-O Bd7 13. f4 Nc5 14. Bd4 a5 15. Bxg7 Kxg7 16. f5 f6 17. Bd5 Qb6 18. Kh1 Rac8 19. Ne2 Qxb2 20. Rab1 Qe5 21. Nd4 g5 22. Nf3 Qf4 23. Qxa5 Ra8 24. Qe1 Ra3 25. Nd2 Qe3 26. Qc1 Ra7 27. Rf3 Qd4 28. Rg3 h6 29. Nf3 Qf2 30. Qf4 Qxc2 31. Rf1 Ra3 32. h4 Rh8 33. Qg4 Qe2 34. Re1 Qf2 35. Rb1 h5 36. Qf4 g4 37. Kh2 Kf8 38. Ne5 Qxf4 39. Ng6+ Kg7 40. Nxf4 Ra4 41. Rb6 Bxf5 42. exf5 Rxf4 43. Re3 Kf8 44. Bxb7 Rxf5 45. Bc6 Kf7 46. a4 d5 47. a5 d4 48. Re1 Rg8 49. a6 g3+ 50. Kg1 Nxa6 51. Rxa6 Rc8 52. Bf3 Rc7 53. Ra8 e5 54. Rh8 Kg7 55. Rd8 Rf4 56. Bd5 Rxh4 57. Rg8+ 1/2-1/2

[Event "7th Eksjo it"]
[Site "Eksjo SWE"]
[Date "1979.08.29"]
[Round "6"]
[White "Wedberg, Tom"]
[Black "Ornstein, Axel"]
[Result "0-1"]
[WhiteElo "2425"]
[BlackElo "2445"]
[WhiteTitle "IM"]
[BlackTitle "IM"]
[EventDate "1979.08.24"]
[PlyCount "62"]

1. d4 Nf6 2. c4 e6 3. Nc3 Bb4 4. Bg5 h6 5. Bh4 c5 6. d5 Bxc3+ 7. bxc3 d6 8. e3 e5 9. Bd3 e4 10. Bc2 Qe7 11. Bxf6 Qxf6 12. Ne2 Qe7 13. Ng3 f5 14. f3 exf3 15. Qxf3 g6 16. O-O Nd7 17. e4 Ne5 18. Ba4+ Kd8 19. Qe2 fxe4 20. Qxe4 h5 21. Qf4 h4 22. Ne4 Bf5 23. Nxc5 Rc8 24. Nb3 Rxc4 25. Nd4 Rxa4 26. Ne6+ Qxe6 27. Qxa4 Qxd5 28. Qxa7 h3 29. Rf2 Rh4 30. Re1 Rg4 31. g3 Kc7 0-1

[Event "7th Eksjo it"]
[Site "Eksjo SWE"]
[Date "1979.08.30"]
[Round "7"]
[White "Akvist, Hakan"]
[Black "Wedberg, Tom"]
[Result "0-1"]
[WhiteElo "2325"]
[BlackElo "2425"]
[BlackTitle "IM"]
[EventDate "1979.08.24"]
[PlyCount "58"]

1. e4 e5 2. Nf3 Nc6 3. d4 exd4 4. Bb5 a6 5. Ba4 Bc5 6. O-O Nge7 7. c3 dxc3 8. Ng5 f6 9. Nf7 Kxf7 10. Qh5+ Kf8 11. Qxc5 cxb2 12. Bxb2 d6 13. Qe3 Be6 14. f4 Kf7 15. Nd2 b5 16. Bd1 Rf8 17. e5 Nf5 18. Qc3 dxe5 19. fxe5 Qd4+ 20. Qxd4 Nfxd4 21. exf6 gxf6 22. Rc1 Rad8 23. Ne4 Bc4 24. Rxf6+ Kg7 25. Rxf8 Kxf8 26. a4 Rd5 27. Ba3+ Kf7 28. h3 Re5 29. Ng3 Re3 0-1

[Event "7th Eksjo it"]
[Site "Eksjo SWE"]
[Date "1979.08.30"]
[Round "7"]
[White "Danner, Georg"]
[Black "Andersson, Goran"]
[Result "1/2-1/2"]
[WhiteElo "2335"]
[BlackElo "2255"]
[EventDate "1979.08.24"]
[PlyCount "108"]

1. d4 Nf6 2. c4 g6 3. Bg5 Bg7 4. Nc3 O-O 5. Nf3 h6 6. Bh4 d6 7. e4 c5 8. d5 a6 9. Nd2 Nbd7 10. Be2 b5 11. cxb5 axb5 12. Nxb5 Ba6 13. O-O Qa5 14. a4 Qb4 15. Bxf6 Bxf6 16. Rb1 Rfb8 17. Qc2 Nb6 18. b3 Nc8 19. Bc4 Rb7 20. Qd3 Qa5 21. f4 Nb6 22. e5 dxe5 23. d6 Nxc4 24. Nxc4 Bxb5 25. axb5 Qxb5 26. fxe5 Bg7 27. e6 exd6 28. exf7+ Kh7 29. Qxd6 Rf8 30. Qe6 Qd7 31. Qxd7 Rxd7 32. g3 Rdxf7 33. Rxf7 Rxf7 34. Rf1 Bd4+ 35. Kg2 Rxf1 36. Kxf1 Kg7 37. Ke2 Kf6 38. Kf3 h5 39. Ke4 Bg1 40. h3 Bf2 41. Kf4 Bd4 42. g4 hxg4 43. hxg4 Bc3 44. Nb6 Bd2+ 45. Ke4 Kg5 46. Kf3 Bb4 47. Nd7 Ba3 48. Ne5 Kf6 49. Nd3 Kg5 50. Ne5 Kf6 51. Kf4 Bc1+ 52. Ke4 Kg5 53. Nd3 Ba3 54. Kf3 Bb4 1/2-1/2

[Event "7th Eksjo it"]
[Site "Eksjo SWE"]
[Date "1979.08.30"]
[Round "7"]
[White "Karlsson, Lars"]
[Black "Jasnikowski, Zbigniew"]
[Result "1-0"]
[WhiteElo "2375"]
[BlackElo "2310"]
[EventDate "1979.08.24"]
[PlyCount "61"]

1. Nf3 Nf6 2. g3 g6 3. Bg2 Bg7 4. O-O O-O 5. c4 d6 6. Nc3 e5 7. d3 Nc6 8. Rb1 a5 9. a3 Bf5 10. Nd2 Qd7 11. b4 axb4 12. axb4 Bh3 13. b5 Bxg2 14. Kxg2 Nd4 15. Nde4 Nxe4 16. dxe4 f5 17. Be3 Qf7 18. Rc1 Qxc4 19. Bxd4 Qxd4 20. Qb3+ Kh8 21. Rfd1 Qa7 22. b6 Qxb6 23. Qxb6 cxb6 24. Rxd6 Rfc8 25. exf5 gxf5 26. Rxb6 Ra6 27. Rxb7 e4 28. Nxe4 Rxc1 29. Rb8+ Bf8 30. Rxf8+ Kg7 31. Rxf5 1-0